000 00518nam a2200181Ia 4500
008 131103s9999 xx 000 0 und d
040 _aLoreto College
041 _aEnglish
082 _a822.33(ID)/MAC/CUR/822.33/CUR
_bLCLIB/23662
100 _aCurry,Walter Clyde
245 4 _aThe demonic metaphysics of Macbeth
_cWalter Clyde Curry
260 _a[s.l.]
_bChapel Hill
_c1933
300 _a32 p.
_c 22 cm.
650 _aEnglish Drama
651 _aShakespeare,William - Macbeth
850 _aLCLIB
942 _cBK
999 _c5689
_d56168